| 000 | 00929nam a2200289 i 4500 | ||
|---|---|---|---|
| 001 | bg | ||
| 100 | 1 | _aMarven, Craig. | |
| 245 | 1 | 0 |
_aZarys cyfrowego przetwarzania obrazu / _cCraig Marven, Gilian Ewers ; z ang. przeł. Zbigniew Guzik. |
| 246 |
_iTyt. oryg.: _aA simple approach to digital signal processing |
||
| 260 |
_aWarszawa : _bWydawnictwa Komunikacji i Łączności, _c1999. |
||
| 300 |
_a225 s. : _brys., wykr. + _e24 cm. |
||
| 500 | _aTyt. oryg.: "A simple approach to digital signal processing". | ||
| 504 | _aBibliogr. przy rozdz. | ||
| 650 | 4 |
_aPrzetwarzanie danych _xautomatyzacja |
|
| 650 | 4 | _aTeoria sygnałów | |
| 655 | _aPodręczniki akademickie | ||
| 700 | 1 | _aEwers, Gilian. | |
| 020 | _a832061306X | ||
| 040 | _cBPK | ||
| 041 | 1 | _apl | |
| 080 | _a621.391 | ||
| 080 | _a004.62 | ||
| 080 | _a(075.8) | ||
| 920 | _a83-206-1306-X | ||
| 942 | _cKS | ||
| 008 | s pl f |000 0 pol | ||
| 999 |
_c36200 _d36200 |
||
| 856 |
_uhttp://koha.tu.koszalin.pl/cgi-bin/koha/opac-detail.pl?biblionumber=36200 _yKatalog online BPK |
||